Sagas et arcs de l'univers Dragon Ball (jusqu'à Dragon Ball Super) - Statistiques

Statistiques générales
  • Ce quiz a été pris 40 fois
  • Le résultat moyen est 14 sur 64
Statistiques - réponses
Partie Type de quiz Saga/Arc % Correct
Dragon Ball Z Saga Saga Freezer
72%
Dragon Ball Z Saga Saga Cell
69%
Dragon Ball Z Saga Saga Namek
63%
Dragon Ball Saga Saga Piccolo
56%
Dragon Ball Saga Saga Son Goku
53%
Dragon Ball Z Arc Arc Entraînement
50%
Dragon Ball Arc Arc Général Red et Colonel Black
50%
Dragon Ball Z Arc Arc Nappa et Vegeta
50%
Dragon Ball Z Saga Saga Saiyens
50%
Dragon Ball Z Arc Arc Raditz
47%
Dragon Ball Arc Arc Recherche des Dragon Ball
47%
Dragon Ball Super Arc Arc Survie de l'univers
47%
Dragon Ball Z Saga Saga Boo
44%
Dragon Ball Arc Arc Roi Pilaf
41%
Dragon Ball Z Arc Arc C-16, C-17 et C-18
38%
Dragon Ball Super Arc Arc Trunks du futur
38%
Dragon Ball Arc Arc Entraînement de Son Goku chez le Tout-Puissant
34%
Dragon Ball Z Arc Arc Babidi
31%
Dragon Ball Super Arc Arc Battle of Gods
31%
Dragon Ball Z Arc Arc C-19 et C-20
31%
Dragon Ball Arc Arc Tao Pai Pai
31%
Dragon Ball Arc Arc Commandant Blue
28%
Dragon Ball Z Arc Arc Commando Ginyu
28%
Dragon Ball GT Saga Saga Baby
25%
Dragon Ball Z Saga Saga Cyborgs
25%
Dragon Ball Z Arc Arc Boo 2ème forme
22%
Dragon Ball Z Arc Arc Boo original
19%
Dragon Ball Z Arc Arc Cell Game
19%
Dragon Ball Z Saga Saga Cell Game
19%
Dragon Ball GT Saga Saga Super C-17
19%
Dragon Ball Arc Arc Capitaine Silver
16%
Dragon Ball GT Saga Saga Dragons maléfiques
16%
Dragon Ball Arc Arc 21ème Tenkaichi Budokai
13%
Dragon Ball Arc Arc Baba la voyante
13%
Dragon Ball Z Arc Arc Cell forme parfaite
13%
Dragon Ball Arc Arc Commandant White
13%
Dragon Ball Z Arc Arc Great Saiyaman
13%
Dragon Ball Z Arc Arc Oob
13%
Dragon Ball Arc Arc Roi démon Piccolo
13%
Dragon Ball Saga Saga 21ème Tenkaichi Budokai
13%
Dragon Ball Saga Saga Baba la voyante
13%
Dragon Ball Z Saga Saga Great Saiyaman
13%
Dragon Ball Saga Saga Roi démon Piccolo
13%
Dragon Ball Arc Arc 22ème Tenkaichi Budokai
9%
Dragon Ball Arc Arc 23ème Tenkaichi Budokai
9%
Dragon Ball Z Arc Arc 25ème Tenkaichi Budokai
9%
Dragon Ball Super Arc Arc Dieu de la destruction Champa
9%
Dragon Ball Super Arc Arc Résurrection de F
9%
Dragon Ball Saga Saga Ten Shin Han
9%
Dragon Ball Z Arc Arc Gros Boo
6%
Dragon Ball Z Arc Arc Cell 1ère forme
3%
Dragon Ball Z Arc Arc Cell 2ème forme
3%
Dragon Ball Arc Arc Entraînement chez Kame Sennin
3%
Dragon Ball Arc Arc Entraînement de Son Goku
3%
Dragon Ball Z Arc Arc Garlic Junior
3%
Dragon Ball Z Arc Arc Recherche des Dragon Ball de Namek
3%
Dragon Ball Z Arc Arc Voyage pour Namek
3%
Dragon Ball Z Arc Arc Freezer contre Son Goku
0%
Dragon Ball Z Arc Arc Freezer contre Trunks
0%
Dragon Ball Z Arc Arc Repos avant le Cell Game
0%
Dragon Ball Z Arc Arc Tenkaichi Budokai de l'autre monde
0%
Dragon Ball Saga Saga Armée du Ruban Rouge
0%
Dragon Ball Z Saga Saga Babidi et Boo
0%
Dragon Ball GT Saga Saga Dragon Ball aux étoiles noires
0%
Aucun quiz correspondant
Distribution des résultats
% des personnes avec chaque résultat
Percentile par nombre de réponses
Votre historique - résultats
Vous n’avez pas pris ce quiz